| 000 | 00364nam a2200121Ia 4500 | ||
|---|---|---|---|
| 008 | 220217s9999||||xx |||||||||||||| ||und|| | ||
| 082 | _a005.133 KUM | ||
| 100 | _aKumar, H.K.T | ||
| 245 | 0 | _aModel viva-voce questions in computer concepts and C program | |
| 260 |
_aSubhas Publications _bBangalore _c1999 |
||
| 300 |
_a16p _b6 |
||
| 650 | _aPROGRAMMING LANGUAGE | ||
| 999 |
_c165288 _d165288 |
||